000 00832nam a22002055i 4500
001 156320
003 ES-MaACL
005 20250820094843.0
008 040915s1867 fr |||| | fre d
040 _aCAM
_bspa
_cCAM
110 2 _aJesuitas
_95348
245 1 0 _aMonita secreta Societatis Jesu
_b: instructions secrètes des jésuites.
250 _a6e éd. très augm. contenant le dénombrement des Jésuites en France par départment et ornée d'une gravure par Charles Sauvestre.
260 _aParis :
_bE. Dentu libraire-éditeur,
_c1867 (
_fImprimerie de Jules Bonaventure)
300 _aIII, 168 p., [1] h. de lám. pleg. ;
_c19 cm.
610 2 4 _aJesuitas
_95348
700 1 1 _aSauvestre, Charles.
_9132511
852 _aES-MaACL
_jD-1297
_z-- Enc. hol.
_z-- Legado M. de la Fuente
999 _c156320
_d156320